Statistiques concernant Les vainqueurs de la Coupe de la Ligue française depuis sa création en 1994-1995

Cliquez ici pour prendre le quiz!

Statistiques générales

  • Ce quiz a été pris 124 fois
  • Le résultat moyen est 20 sur 22

Statistiques - réponses

Année Vainqueur % Correct
2011Olympique de Marseille
100%
2008Paris Saint-Germain
100%
1995Paris Saint-Germain
100%
2012Olympique de Marseille
100%
2014Paris Saint-Germain
100%
2016Paris Saint-Germain
100%
2015Paris Saint-Germain
100%
1998Paris Saint-Germain
100%
2010Olympique de Marseille
100%
2009Girondins de Bordeaux
97%
2007Girondins de Bordeaux
97%
2002Girondins de Bordeaux
97%
2001Olympique Lyonnais
96%
2013AS Saint-Étienne
91%
1999RC Lens
87%
2003AS Monaco
87%
2005RC Strasbourg
82%
1997RC Strasbourg
82%
2006AS Nancy-Lorraine
78%
1996FC Metz
77%
2004FC Sochaux-Montbéliard
68%
2000FC Gueugnon
54%

Distribution des résultats

Percentile by Number Answered

% des personnes avec chaque résultat

Votre développement - résultats

Vous n’avez pas pris ce quiz